Statistics for Top 12 Utah Jazz Players

Click here to take the quiz!

General Stats

  • This quiz has been taken 300 times
    (260 since last reset)
  • The average score is 7 of 12

Answer Stats

RankPlayerWin Share% Correct
2John Stockton207.7
98%
1Karl Malone230.3
98%
3Rudy Gobert86.6
85%
11Mark Eaton44.8
61%
9Deron Williams46.7
54%
12Gordon Hayward43.0
51%
4Adrian Dantley76.3
50%
6Jeff Hornacek55.0
48%
5Andrei Kirilenko68.2
46%
7Derrick Favors52.7
27%
8Paul Millsap48.1
25%
10Mehmet Okur45.0
24%

Score Distribution

Percentile by Number Answered

Percent of People with Each Score

Your Score History

You have not taken this quiz since the last reset